00752cam a22002531 4500001001300000003000400013005001700017008004100034010001700075025001900092035001900111040001700130041001100147050001600158082001300174100002700187245002300214260007000237300004800307504003100355500008600386651000900472999001700481sa 68010110 DLC20260227112550.0790806s1967 ii bch b 000 0 eng  asa 68010110  aPL480:I-E-9466 a(OCoLC)5242875 aDLCcMHdDLC0 aengmar00aDS498b.P7400a954/.7991 aPriolkar, Anant Kakba.10aGoa re-discovered. aBombay;b[chief distributors: Bhatkal Books International]c1967. aviii, 137 p.bfacsims., map, ports.c22 cm. aBibliographical footnotes. aContains extracts from 17th century Christian books in Marathi with romanization. 0aGoa. c83334d83334